|
|
|
|
| LEADER |
00000nam a2200000 a 4500 |
| 001 |
vtls001100518 |
| 003 |
SK-MaSNL |
| 005 |
20260413122145.0 |
| 008 |
250414s1980 xo 0 slo |
| 015 |
|
|
|a SNBA1981
|
| 035 |
|
|
|a SNK000043360
|
| 040 |
|
|
|a SNK
|b slo
|c SNK
|e AACR2
|
| 041 |
0 |
|
|a slo
|
| 044 |
|
|
|a xo
|c SK
|
| 080 |
|
|
|a 882-3
|2 1981
|
| 100 |
1 |
|
|a Kron, Aleksandr Aleksandrovič,
|d 1909-1983
|4 aut
|9 241926
|
| 245 |
1 |
0 |
|a Nespavosť
|c Aleksandr Kron ; Felix Kostolanský, Veronika Rónaiová, Svetozár Mydlo
|
| 250 |
|
|
|a 1. vyd.
|
| 260 |
|
|
|a Bratislava
|b Slovenský spisovateľ
|c 1980
|e Bratislava
|f Pravda
|
| 300 |
|
|
|a 487 s., 26,47 AH
|c 21 cm
|
| 366 |
|
|
|e 10000 výtl.
|
| 490 |
0 |
|
|a Nová sovietska tvorba
|
| 500 |
|
|
|a Rozlož. ilustr. tit. list.
|
| 700 |
1 |
|
|a Kostolanský, Felix,
|d 1928-2007
|4 trl
|9 216126
|
| 700 |
1 |
|
|a Rónaiová, Veronika,
|d 1951-
|4 bkd
|9 215946
|
| 700 |
1 |
|
|a Mydlo, Svetozár,
|d 1948-2014
|4 bkd
|9 164643
|
| 852 |
|
|
|a Slovenská národná knižnica
|
| 954 |
|
|
|a romány spoločenské
|a literatúra národov ZSSR
|
| 958 |
|
|
|a OND
|
| 958 |
|
|
|a LX
|
| 958 |
|
|
|a SS
|
| 958 |
|
|
|a TL
|
| 958 |
|
|
|a UP
|
| 999 |
|
|
|c 855996
|d 857926
|
| 952 |
|
|
|t P60, <05>, [BOOK], {605}
|a SNK
|b SNK
|y PREZ
|7 0
|p 17A0333053
|o snkSC 51229 D1
|0 0
|1 0
|4 0
|d 2002-02-13
|l 0
|r 2004-12-31 00:00:00
|w 2026-02-24
|
| 952 |
|
|
|a SNK
|b SNK
|y PREZ
|7 0
|p 17A0825062
|o snkSC 51229
|0 0
|1 0
|4 0
|d 2012-08-01
|l 0
|r 2025-11-04 00:00:00
|w 2026-02-24
|